小先知書講義 (上冊)A commentary on the minor prophets : (Record no. 20625)
[ view plain ]
| 000 -LEADER | |
|---|---|
| fixed length control field | 00659nam a2200169 4500 |
| 008 - FIXED-LENGTH DATA ELEMENTS--GENERAL INFORMATION | |
| fixed length control field | 040719s1983 -hk chi |
| 020 ## - INTERNATIONAL STANDARD BOOK NUMBER | |
| International Standard Book Number | 962208091X : |
| Terms of availability | HK24.00 |
| 090 ## - LOCALLY ASSIGNED LC-TYPE CALL NUMBER (OCLC); LOCAL CALL NUMBER (OCLC) | |
| Classification number (OCLC) (R) ; Classification number, CALL (RLIN) (NR) | BS498.C5 |
| Local cutter number (OCLC) ; Book number/undivided call number, CALL (RLIN) | C36c |
| -- | PropI |
| 100 1# - MAIN ENTRY--PERSONAL NAME | |
| Personal name | 陳終道 Chan, Stephen C.T. |
| 245 10 - TITLE STATEMENT | |
| Title | 小先知書講義 (上冊)A commentary on the minor prophets : |
| Remainder of title | vol. I {ch} / |
| Statement of responsibility, etc | 陳終道 Stephen C.T. Chan. |
| 250 ## - EDITION STATEMENT | |
| Edition statement | Siau sian |
| 260 ## - PUBLICATION, DISTRIBUTION, ETC. (IMPRINT) | |
| Place of publication, distribution, etc | Hong Kong : |
| Name of publisher, distributor, etc | 天道出版社 Tien Dao Publishing House, |
| Date of publication, distribution, etc | c1983. |
| 300 ## - PHYSICAL DESCRIPTION | |
| Extent | 288 p. |
| 505 0# - FORMATTED CONTENTS NOTE | |
| Formatted contents note | vol. I |
| 650 #4 - SUBJECT ADDED ENTRY--TOPICAL TERM | |
| Topical term or geographic name as entry element | Bible. O.T. Minor Prophets |
| General subdivision | Commentaries {ch} |
| 951 ## - EQUIVALENCE OR CROSS-REFERENCE-GEOGRAPHIC NAME/AREA NAME [OBSOLETE] [CAN/MARC only] | |
| General subdivision | 00029876 |
| 951 ## - EQUIVALENCE OR CROSS-REFERENCE-GEOGRAPHIC NAME/AREA NAME [OBSOLETE] [CAN/MARC only] | |
| -- | C-5314 |
| -- | BS498.C5/C36c/PropI |
| -- | 070613111406125 |
| -- | 2000-12-21 |
| -- | REF-CH |
| Withdrawn status | Lost status | Damaged status | Not for loan | Home library | Current library | Shelving location | Date acquired | Accession number | Shelving control number | Total Checkouts | Full call number | Barcode | Date last seen | Price effective from | Koha item type |
|---|---|---|---|---|---|---|---|---|---|---|---|---|---|---|---|
| BSOP Library | BSOP Library | Reference Chinese | 12/21/2000 | C-5314 | 127 | BS498.C5/C36c/PropI | 00029876 | 02/23/2013 | 02/23/2013 | Books |
